Влияние горнодобывающей промышленности на регионы России; Экология и безопасность в техносфере: современные проблемы и пути решения
| Parent link: | Экология и безопасность в техносфере: современные проблемы и пути решения.— 2016.— [С. 252-254] |
|---|---|
| Hovedforfatter: | |
| Institution som forfatter: | |
| Andre forfattere: | |
| Summary: | Заглавие с экрана В данной статье рассмотрено влияние горнодобывающей промышленности на экологическую ситуацию регионов России, к ним относится: Кузнецкий, Иркутский, КанскоАчинский, Южно-Якутский и Донецкий каменноугольные бассейны. Проанализированы последствия горной добычи. Выявлены методы борьбы с загрязнением окружающей среды. Установлено, что существующих методов недостаточно, важен человеческий фактор. This article discusses the impact of the mining industry on the environmental situation ofthe regions of Russia, these include: Kuznetsk, Irkutsk, Kansk-Achinsk, South Yakutia and Donetsk coal basin.Analyzed the effects of mining. Identified methods of dealing with environmental pollution. It was foundthat existing methods is not enough, the human factor is important. |
| Sprog: | russisk |
| Udgivet: |
2016
|
| Serier: | Экологический мониторинг и управление природоохранной деятельностью |
| Fag: | |
| Online adgang: | http://earchive.tpu.ru/handle/11683/35314 |
| Format: | MixedMaterials Electronisk Book Chapter |
| KOHA link: | https://koha.lib.tpu.ru/cgi-bin/koha/opac-detail.pl?biblionumber=621087 |
MARC
| LEADER | 00000naa2a2200000 4500 | ||
|---|---|---|---|
| 001 | 621087 | ||
| 005 | 20231102023906.0 | ||
| 035 | |a (RuTPU)RU\TPU\conf\19652 | ||
| 035 | |a RU\TPU\conf\19647 | ||
| 090 | |a 621087 | ||
| 100 | |a 20161125d2016 k y0rusy50 ca | ||
| 101 | 0 | |a rus | |
| 102 | |a RU | ||
| 105 | |a y z 101zy | ||
| 135 | |a drgn ---uucaa | ||
| 181 | 0 | |a i | |
| 182 | 0 | |a b | |
| 200 | 1 | |a Влияние горнодобывающей промышленности на регионы России |f А. В. Кайбичева |g науч. рук. В. М. Гришагин | |
| 203 | |a Текст |c электронный | ||
| 225 | 1 | |a Экологический мониторинг и управление природоохранной деятельностью | |
| 230 | |a 1 компьютерный файл (pdf; 246 Кb) | ||
| 300 | |a Заглавие с экрана | ||
| 320 | |a [Библиогр.: с. 254 (5 назв.)] | ||
| 330 | |a В данной статье рассмотрено влияние горнодобывающей промышленности на экологическую ситуацию регионов России, к ним относится: Кузнецкий, Иркутский, КанскоАчинский, Южно-Якутский и Донецкий каменноугольные бассейны. Проанализированы последствия горной добычи. Выявлены методы борьбы с загрязнением окружающей среды. Установлено, что существующих методов недостаточно, важен человеческий фактор. | ||
| 330 | |a This article discusses the impact of the mining industry on the environmental situation ofthe regions of Russia, these include: Kuznetsk, Irkutsk, Kansk-Achinsk, South Yakutia and Donetsk coal basin.Analyzed the effects of mining. Identified methods of dealing with environmental pollution. It was foundthat existing methods is not enough, the human factor is important. | ||
| 463 | 0 | |0 (RuTPU)RU\TPU\conf\19571 |t Экология и безопасность в техносфере: современные проблемы и пути решения |o сборник трудов Всероссийской научно-практической конференции, г. Юрга, 17-19 ноября 2016 г. |f Национальный исследовательский Томский политехнический университет (ТПУ), Юргинский технологический институт (ЮТИ) ; под ред. Д. А. Чинахова [и др.] |v [С. 252-254] |d 2016 | |
| 610 | 1 | |a труды учёных ТПУ | |
| 610 | 1 | |a электронный ресурс | |
| 610 | 1 | |a горнодобывающая промышленность | |
| 610 | 1 | |a Россия | |
| 610 | 1 | |a экологическая ситуация | |
| 610 | 1 | |a горная добыча | |
| 610 | 1 | |a загрязнения | |
| 610 | 1 | |a окружающая среда | |
| 700 | 1 | |a Кайбичева |b А. В. | |
| 702 | 1 | |a Гришагин |b В. М. |c специалист в области экологии и безопасности жизнедеятельности |c доцент Юргинского технологического института (филиала) Томского политехнического университета, кандидат технических наук |f 1956- |g Виктор Михайлович |2 stltpush |4 727 |9 10742 | |
| 712 | 0 | 2 | |a Национальный исследовательский Томский политехнический университет (ТПУ) |b Юргинский технологический институт (филиал) (ЮТИ) |b Кафедра безопасности жизнедеятельности, экологии и физического воспитания (БЖДЭФВ) |h 2240 |2 stltpush |3 (RuTPU)RU\TPU\col\18930 |
| 801 | 2 | |a RU |b 63413507 |c 20161216 |g RCR | |
| 856 | 4 | |u http://earchive.tpu.ru/handle/11683/35314 | |
| 942 | |c BK | ||